000 01855nam a22002657a 4500
003 URS
005 20240416181812.0
008 240326b |||||||| |||| 00| 0 eng d
050 0 0 _aLG 221.R59
_bC8174 2015
100 1 _aCorpuz, Mary Angelou P.
_eResearcher
245 1 o _aFeasibility Study in Establishing "Nutri-Shake" Stall in Montalban Town Center/
_cIbanez, Beverly Grace R. [and] Idala, Jinky A.
260 1 _c2015
300 _ax, 112 leaves
_billustrations
_c28 cm
336 _2rdacontent
_atext
337 _2rdamedia
_aunmediated
338 _2rdacarrier
_avolume
502 _aUndergraduate Thesis
_bBachelor of Science in Business Administration Major in Marketing Management
_cUniversity of Rizal System, Rodriguez, Rizal
_d2015
520 _aThe innovative shake business was conceptualized by young enterprising ladies taking the degree in Business administration major in marketing management in the University of Rizal System in Rodriguez Campus. Actually before the start of the Nutri-shake business, the partners have three different kind of business considered including the nutritious shake beverage stall. The other one is accessories shop for men and women and the last is Pulburon coated chocolate kiosk but apparently it is not worked for the partners maybe it is not really fit for them and considering that marketing is the process used to determine what products or services may be of interest to customers, and the strategy to use in sales, communication, and business development they have come up to the Nutri-shake business.
650 _2Nutri-Shake Stall
700 _aIbanez, Beverly Grace R.
_eResearcher
700 _aIdala, Jinky A.
_eResearcher
700 _aPerez, Christopher O.
_eAdviser
856 _3Online Request for Student Unpublished Works
_uhttps://forms.gle/7LqvGGkaDrUQqz429
942 _2lcc
_cT
999 _c78023
_d78022